| 000 | 00792nam a2200253 a 4500 | ||
|---|---|---|---|
| 008 | |||
| 020 | _a013746777X (cased) | ||
| 049 | _aMAIN | ||
| 090 |
_aHD30.25 _bEPP |
||
| 100 | 1 | _aEppen, Gary D. | |
| 245 | 1 | 0 |
_aQuantitative concepts for management : _bdecision making without algorithms / _cGary D. Eppen, F. J. Gould, Charles Schmidt. |
| 250 | _a3rd ed. | ||
| 260 |
_aEnglewood Cliffs, N.J. : _bPrentice-Hall, _cc1979. |
||
| 300 |
_axxiv, 752 p. : _bill. ; _c25 cm. |
||
| 500 | _aIncludes index. | ||
| 650 | 0 |
_aManagement _xMathematical models. |
|
| 700 | _aSchmidt, Charles | ||
| 700 | 1 | _aGould, F.J. | |
| 907 |
_a.b10081045 _b16-08-11 _c09-07-03 |
||
| 003 | |||
| 005 | 20230123133325.0 | ||
| 040 | _cNUST | ||
| 942 |
_cBOOKS _kHD30.25 _mEPP |
||
| 999 |
_c146623 _d146623 |
||